| 000 | 00363nam a22001457a 4500 | ||
|---|---|---|---|
| 020 | _a9971513439 | ||
| 040 | _cnust | ||
| 082 |
_a006.7 _bCHA |
||
| 100 |
_aChapman Nigel _9122577 |
||
| 110 |
_aChapman Jenny _9122578 |
||
| 245 | _aDigital Multimedia | ||
| 260 |
_aNew York: _bJohn Wiley & Sons, _c2001. |
||
| 650 |
_aDigital Multimedia _9122579 |
||
| 942 |
_2ddc _cBK |
||
| 999 |
_c609046 _d609046 |
||